Problémové a projektové vyučovanie

Gespeichert in:
Bibliographische Detailangaben
1. Verfasser: Schmidt, Peter, 1968-
Format: Buchkapitel
Sprache:Slowakisch
Tags: Tag hinzufügen
Keine Tags, Fügen Sie das erste Tag hinzu!

MARC

LEADER 00000naa$a2200000$$$4500
001 0130367
005 20240502072507.7
041 0 |a slo 
044 |a SK 
245 1 0 |a Problémové a projektové vyučovanie  |c Peter Schmidt 
100 1 |a Schmidt, Peter, 1968-